Audiências públicas e ativismo : (Record no. 237)

MARC details
000 -LÍDER
Campo Fixo de Controle 00788cam a2200253 a 4500
001 - NÚMERO DE CONTROLE
Campo de Controle 237
003 - IDENTIFICAÇÃO DO NÚMERO DE CONTROLE
Campo de Controle BR-CuiBMT
005 - DATA E HORA DA ÚLTIMA ATUALIZAÇÃO
Campo de Controle 20231030231416.0
008 - DADOS FIXOS
Dados Fixos 230905s2012 mgb 001 0 por d
020 ## - INTERNATIONAL STANDARD BOOK NUMBER
Nº do ISBN 9788577005727
040 ## - AGÊNCIA CATALOGADORA
Código da Agência Catalogadora BR-CuiBMT
Agência que transcreveu o registro BR-CuiBMT
080 ## - Nº DA CLASSIFICAÇÃO DECIMAL UNIVERSAL
Nº edição CDU 2007
Nº Class. CDU 347.93
090 ## - NÚMERO DE CHAMADA
Nº classificação 347.93
Cutter A911
245 00 - TÍTULO PRINCIPAL
Título principal Audiências públicas e ativismo :
Subtítulo diálogo social no STF /
Indicação de responsabilidade Vanice Regina Lírio do Valle, coordenadora.
260 ## - PUBLICAÇÃO, DISTRIBUIÇÃO, ETC.
Local de publicação Belo Horizonte :
Editora Fórum,
Data 2012.
300 ## - DESCRIÇÃO FÍSICA
N. páginas ou volumes 142 p. ;
Dimensões 22 cm
504 ## - NOTA DE BIBLIOGRAFIA, ETC.
Nota de bibliografia Inclui bibliografia.
650 ## - ASSUNTO TÓPICO
Cabeçalho tópico ou nome geográfico Audiências públicas
650 ## - ASSUNTO TÓPICO
Cabeçalho tópico ou nome geográfico Direito constitucional
650 ## - ASSUNTO TÓPICO
Cabeçalho tópico ou nome geográfico Supremo Tribunal Federal (Brasil)
650 ## - ASSUNTO TÓPICO
Cabeçalho tópico ou nome geográfico Ciência política
Subdivisão geral Ativismo
700 1# - ENTRADA SECUNDÁRIA -- NOME PESSOAL
Nome pessoal Valle, Vanice Regina Lírio do
Cód. do termo explicativo coord.
942 ## - ELEMENTOS DE ENTRADA ADICIONAIS (KOHA)
Fonte de classificação ou esquema de arquivamento Classificação Decimal Universal
Tipo de item do Koha Livros
Holdings
Estado: removido Estado: perdido Fonte de classificação ou esquema de arquivamento Estado: danificado Indisponível para empréstimo Localização permanente Localização atual Data de aquisição Total Checkouts Número de Chamada completo Código de barras Date last seen Número do exemplar Preço efetivo a partir de Tipo de item (Koha)
    Classificação Decimal Universal     Biblioteca da Escola Superior de Contas do TCE/MT Biblioteca da Escola Superior de Contas do TCE/MT 28/06/2023   347.93 A911 BIBTCEMT23090017 06/09/2023 Ex. 1 06/09/2023 Livros

Powered by Koha